South Eastern Kenya University

Library Online Public Access Catalogue


What to do when your therapist isn't there : (Record no. 6003)

MARC details
000 -LEADER
fixed length control field 00664cam a22001697a 4500
020 ## - ISBN
International Standard Book Number 1578262267 (pbk.)
020 ## - ISBN
International Standard Book Number 9781578262267
050 00 - LIBRARY OF CONGRESS CALL NUMBER
Classification Number RC 480.515
Item Number .D36 2006
100 1# - MAIN ENTRY--Author
Personal name Danielson, Nina.
245 10 - TITLE
Title What to do when your therapist isn't there :
Remainder of title a 24/7 guide to coping with life on your own /
Statement of responsibility, etc Nina Danielson.
260 ## - PUBLICATION, DISTRIBUTION, ETC.(IMPRINT)
Place of publication, distribution, etc New York :
Name of publisher, distributor, etc Hatherleigh Press,
Date of publication, distribution, etc c2006.
300 ## - PHYSICAL DESCRIPTION
Extent xiv, 226 p. ;
856 42 - URL/ELECTRONIC LOCATION AND ACCESS
Uniform Resource Identifier <a href="http://www.loc.gov/catdir/enhancements/fy0713/2007296090-b.html">http://www.loc.gov/catdir/enhancements/fy0713/2007296090-b.html</a>
856 42 - URL/ELECTRONIC LOCATION AND ACCESS
Uniform Resource Identifier <a href="http://www.loc.gov/catdir/enhancements/fy0713/2007296090-d.html">http://www.loc.gov/catdir/enhancements/fy0713/2007296090-d.html</a>
856 41 - URL/ELECTRONIC LOCATION AND ACCESS
Uniform Resource Identifier <a href="http://www.loc.gov/catdir/enhancements/fy0713/2007296090-t.html">http://www.loc.gov/catdir/enhancements/fy0713/2007296090-t.html</a>
942 ## - ADDED ENTRY ELEMENTS(KOHA)
Source of classification or shelving scheme Library of Congress Classification
Koha item type General circulation
Holdings
Source of classification or shelving scheme Not for loan Location (home branch) Sublocation (holding branch) Shelving location Date accessioned Cost, normal purchase price Full call number Barcode Cost, replacement price Nonpublic note Koha item type
Library of Congress Classification   Main Campus Library Main Campus Library   16/07/2015 1260.00 RC 480.515 .D36 2006 2015/012969 1760.00 jm General circulation
Kitui, Kenya.
+254736116989
library@seku.ac.ke